Biographical objects : (Record no. 6880)

MARC details
000 -LEADER
fixed length control field 00897cam a2200253 4500
001 - CONTROL NUMBER
control field 7996
005 - DATE AND TIME OF LATEST TRANSACTION
control field 20181127184841.0
008 - FIXED-LENGTH DATA ELEMENTS--GENERAL INFORMATION
fixed length control field 971002s1998 nyua b 001 0 eng
010 ## - LIBRARY OF CONGRESS CONTROL NUMBER
LC control number 97040989
020 ## - INTERNATIONAL STANDARD BOOK NUMBER
International Standard Book Number 0415920116 (hardcover : acid-free paper)
International Standard Book Number 0415920124 (pbk.)
082 00 - DEWEY DECIMAL CLASSIFICATION NUMBER
Classification number 306/.09598/6
Edition number 21
100 1# - MAIN ENTRY--PERSONAL NAME
Personal name Hoskins, Janet.
245 10 - TITLE STATEMENT
Title Biographical objects :
Remainder of title how things tell the stories of people's lives /
Statement of responsibility, etc. Janet Hoskins.
260 ## - PUBLICATION, DISTRIBUTION, ETC.
Place of publication, distribution, etc. New York :
Name of publisher, distributor, etc. Routledge,
Date of publication, distribution, etc. 1998.
300 ## - PHYSICAL DESCRIPTION
Extent x, 213 p. :
Other physical details ill. ;
Dimensions 24 cm.
504 ## - BIBLIOGRAPHY, ETC. NOTE
Bibliography, etc. note Includes bibliographical references (p. [199]-210) and index.
650 #0 - SUBJECT ADDED ENTRY--TOPICAL TERM
Topical term or geographic name entry element Ethnology
General subdivision Biographical methods.
Topical term or geographic name entry element Ethnology
Geographic subdivision Indonesia
-- Kodi.
Topical term or geographic name entry element Kodi (Indonesia)
General subdivision Biography.
Topical term or geographic name entry element Material culture
Geographic subdivision Indonesia
-- Kodi.
651 #0 - SUBJECT ADDED ENTRY--GEOGRAPHIC NAME
Geographic name Kodi (Indonesia)
General subdivision Social life and customs.
Holdings
Withdrawn status Lost status Source of classification or shelving scheme Damaged status Not for loan Collection code Home library Current library Shelving location Date acquired Serial Enumeration / chronology Inventory number Total Checkouts Total Renewals Full call number Barcode Date last seen Date last checked out Price effective from Koha item type Copy number
    Dewey Decimal Classification     Main TEST RTC Library RTC Library Main opac 14/02/2022 12080 3 4 306 HOS 30011916 15/10/2024 16/09/2024 27/11/2018 Main  
    Dewey Decimal Classification     Main TEST RTC Library RTC Library Main opac 05/11/2024 12550 1   306 HOS 30013103 19/11/2024 05/11/2024 27/11/2018 Main 2
Royal Thimphu College || All Right Reserved